| 000 | 00587nam a2200217Ii 4500 | ||
|---|---|---|---|
| 003 | JO-AjNU | ||
| 008 | 230606s9999||||xx |||||||||||||| ||und|| | ||
| 020 | _a978-1-119-77261-3 | ||
| 040 |
_aJO-AjNU _beng _erda _cJO-AjNU |
||
| 041 | _aeng | ||
| 050 | 1 | 4 | _aQA9.64.P43 2021 |
| 100 | 3 |
_a Peckol, James K, _eauthor _96633 |
|
| 245 | 0 | 0 | _aIntroduction to Fuzzy Logic |
| 250 | _a1ed | ||
| 264 | 3 | 1 | _aUSA: Wiley Brand, 2021 |
| 300 | _a272P | ||
| 336 |
_atext _btxt _2rdacontent |
||
| 337 |
_aunmediated _bn _2rdamedia |
||
| 338 |
_avolume _bnc _2rdacarrier |
||
| 650 | 4 |
_aFuzzy Logic _96634 |
|
| 999 |
_aE3443 _c3437 _d3437 |
||